[Event "NOR-ch Clubs 2017"]
[Site "Kristiansund"]
[Date "2017.10.21"]
[Round "4"]
[White "Storeide, Erling"]
[Black "Nyland, Thomas"]
[Result "1/2-1/2"]
[WhiteElo "1840"]
[BlackElo "2152"]
[Annotator "ChessBase"]
[PlyCount "132"]
[EventDate "2017.??.??"]
[EventType "team-tourn"]
[EventCountry "NOR"]
[SourceTitle "playchess.com"]
[Source "ChessBase"]
[SourceQuality "1"]
[TimeControl "40/5400:1800"]

1. e4 {[%emt 0:00:00]} c5 {[%emt 0:01:13]} 2. Nf3 {[%emt 0:02:37]} g6 {[%emt 0:00:28]} 3. c3 {[%emt 0:00:24]} d5 {[%emt 0:03:34]} 4. exd5 {[%emt 0:01:22]} Qxd5 {[%emt 0:00:42]} 5. d4 {[%emt 0:00:21]} Bg7 {[%emt 0:01:12]} 6. Be3 {[%emt 0:01:56]} cxd4 {[%emt 0:06:42]} 7. cxd4 {[%emt 0:02:13]} Nf6 {[%emt 0:01:03]} 8. Nc3 {[%emt 0:00:23]} Qa5 {[%emt 0:00:55]} 9. Be2 {[%emt 0:03:17]} O-O {[%emt 0:01:03]} 10. O-O {[%emt 0:00:16]} Nc6 {[%emt 0:02:49]} 11. a3 {[%emt 0:01:07]} Nd5 {[%emt 0:04:26]} 12. Nxd5 {[%emt 0:02:14]} Qxd5 {[%emt 0:00:05]} 13. b4 {[%emt 0:02:27]} Rd8 {[%emt 0:01:13]} 14. Rc1 {[%emt 0:04:30]} Nxd4 {[%emt 0:04:28]} 15. Nxd4 {[%emt 0:00:50]} Bxd4 {[%emt 0:00:08]} 16. Bf3 {[%emt 0:01:17]} Qe5 {[%emt 0:10:06]} 17. Bxd4 {[%emt 0:01:42]} Rxd4 {[%emt 0:01:09]} 18. Qe1 {[%emt 0:01:29]} Qd6 {[%emt 0:01:57]} 19. Qe2 {[%emt 0:03:55]} Bf5 {[%emt 0:02:53]} 20. Rfe1 {[%emt 0:04:25]} e6 {[%emt 0:08:26]} 21. Bxb7 {[%emt 0:05:26]} Rd8 {[%emt 0:00:22]} 22. h3 {[%emt 0:00:38]} Qb6 {[%emt 0:04:07]} 23. Bc6 {[%emt 0:02:02]} Rd3 {[%emt 0:02:33]} 24. g4 {[%emt 0:01:17]} Rd2 {[%emt 0:13:27]} 25. Qe3 {[%emt 0:04:04]} Qxe3 {[%emt 0:02:00]} 26. Rxe3 {[%emt 0:00:09]} Bd3 {[%emt 0:01:30]} 27. Rc3 {[%emt 0:04:26]} Rd1+ {[%emt 0:00:47]} 28. Kg2 {[%emt 0:00:14]} Rd6 {[%emt 0:02:04]} 29. Bf3 {[%emt 0:03:01]} Rd2 {[%emt 0:01:25]} 30. a4 {[%emt 0:06:00]} a6 {[%emt 0:01:44]} 31. Be4 {[%emt 0:03:06]} Bxe4+ {[%emt 0:00:46]} 32. Rxe4 {[%emt 0:00:09]} Rb2 {[%emt 0:00:30]} 33. Rc8+ {[%emt 0:05:26]} Kg7 {[%emt 0:00:06]} 34. Rb8 {[%emt 0:00:24]} Rdd2 {[%emt 0:00:35]} 35. Rf4 {[%emt 0:00:23]} e5 {[%emt 0:00:15]} 36. Rf3 {[%emt 0:02:11]} e4 {[%emt 0:00:06]} 37. Rf4 {[%emt 0:00:18]} e3 {[%emt 0:00:08]} 38. Rb7 {[%emt 0:00:57]} Rxf2+ {[%emt 0:00:09]} 39. Rxf2 {[%emt 0:01:56]} Rxf2+ {[%emt 0:00:04]} 40. Kg3 {[%emt 0:00:07]} Ra2 {[%emt 0:31:43]} 41. a5 {[%emt 0:31:30]} Rb2 {[%emt 0:00:00]} 42. g5 {[%emt 0:00:00]} Rb1 {[%emt 0:00:00]} 43. Kf3 {[%emt 0:00:00]} Rb3 {[%emt 0:00:00]} 44. h4 {[%emt 0:00:00]} Kf8 {[%emt 0:00:00]} 45. Ke2 {[%emt 0:00:00]} Kg7 {[%emt 0:00:00]} 46. Kf3 {[%emt 0:00:00]} Rc3 {[%emt 0:00:00]} 47. Rb6 {[%emt 0:00:00]} Rc4 {[%emt 0:00:00]} 48. Rxa6 {[%emt 0:00:00]} Rxb4 {[%emt 0:00:00]} 49. Ra8 {[%emt 0:00:00]} Re4 {[%emt 0:00:00]} 50. Ke2 {[%emt 0:00:00]} Rxh4 {[%emt 0:00:00]} 51. a6 {[%emt 0:00:00]} Ra4 {[%emt 0:00:00]} 52. a7 {[%emt 0:00:00]} Ra3 {[%emt 0:00:00]} 53. Kf3 {[%emt 0:00:00]} h6 {[%emt 0:00:00]} 54. gxh6+ {[%emt 0:00:00]} Kh7 {[%emt 0:00:00]} 55. Ke2 {[%emt 0:00:00]} f5 {[%emt 0:00:00]} 56. Kf3 {[%emt 0:00:00]} g5 {[%emt 0:00:00]} 57. Rf8 {[%emt 0:00:00]} Rxa7 {[%emt 0:00:00]} 58. Rxf5 {[%emt 0:00:00]} Kg6 {[%emt 0:00:00]} 59. Re5 {[%emt 0:00:00]} Rf7+ {[%emt 0:00:00]} 60. Kg3 {[%emt 0:00:00]} Kxh6 {[%emt 0:00:00]} 61. Rxe3 {[%emt 0:00:00]} Kh5 {[%emt 0:00:00]} 62. Re8 {[%emt 0:00:00]} Kg6 {[%emt 0:00:00]} 63. Kg4 {[%emt 0:00:00]} Rf4+ {[%emt 0:00:00]} 64. Kg3 {[%emt 0:00:00]} Rd4 {[%emt 0:00:00]} 65. Rg8+ {[%emt 0:00:00]} Kf6 {[%emt 0:00:00]} 66. Rf8+ {[%emt 0:00:00]} Kg7 {[%emt 0:00:00]} 1/2-1/2

[Event "NOR-ch Clubs 2017"]
[Site "Kristiansund"]
[Date "2017.10.21"]
[Round "4"]
[White "Storeide, Helge"]
[Black "Darnell, Anton"]
[Result "1/2-1/2"]
[WhiteElo "1722"]
[BlackElo "2078"]
[Annotator "NA RC"]
[PlyCount "85"]
[EventDate "2017.??.??"]
[EventType "team-tourn"]
[EventCountry "NOR"]
[SourceTitle "playchess.com"]
[Source "ChessBase"]
[SourceQuality "1"]
[TimeControl "40/5400:1800"]

1. d4 {[%emt 0:01:51]} Nf6 {[%emt 0:01:03]} 2. c4 {[%emt 0:00:06]} e6 {[%emt 0:00:44]} 3. a3 {[%emt 0:00:07]} b6 {[%emt 0:01:29]} 4. Nc3 {[%emt 0:00:11]} Bb7 {[%emt 0:00:14]} 5. Bg5 {[%emt 0:01:40]} d5 {[%emt 0:01:08]} 6. cxd5 {[%emt 0:02:18]} exd5 {[%emt 0:00:23]} 7. e3 {[%emt 0:00:27]} Be7 {[%emt 0:00:26]} 8. Bd3 {[%emt 0:01:02]} O-O {[%emt 0:00:22]} 9. Nf3 {[%emt 0:01:34]} Nbd7 {[%emt 0:00:27]} 10. O-O {[%emt 0:03:34]} c5 {[%emt 0:03:06]} 11. Rc1 {[%emt 0:01:57]} Rc8 {[%emt 0:00:40] E12: Queen's Indian: Unusual White 4th moves, 4 a3, 4 Nc3 Bb7 5 a3 and 4 Nc3 Bb7} (11... c4 12. Bb1 a6 13. Ne5 b5 14. Qf3 Re8 15. Qh3 Nf8 16. f4 Ne4 17. Nxe4 dxe4 18. Bxe7 Qxe7 19. f5 {0-1 (57) Indjic,A (2547)-Morozevich,A (2683) Kazan 2016}) 12. Bf5 {[%emt 0:00:57]} g6 {[%emt 0:18:41]} 13. Bh3 {[%emt 0:05:02]} cxd4 $146 {[%emt 0:01:23]} ({Predecessor:} 13... Ne4 14. Bh6 Re8 15. Nxe4 dxe4 16. dxc5 exf3 17. Bxd7 fxg2 18. Re1 Bf3 19. Qa4 bxc5 20. Bxe8 Qxe8 {1-0 (28) Chen,P (2289)-Ratsma,M (2131) Groningen 2015}) 14. exd4 {[%emt 0:01:41]} Ne4 {[%emt 0:05:02]} 15. Bxe7 {[%emt 0:07:02]} Qxe7 {[%emt 0:00:56]} 16. Re1 {[%emt 0:02:17]} f5 {[%emt 0:05:56]} 17. Qb3 {[%emt 0:02:05]} Qf7 {[%emt 0:11:50]} 18. g3 {[%emt 0:13:16]} Rfe8 {[%emt 0:04:06]} 19. Bg2 {[%emt 0:17:42]} Kg7 {[%emt 0:02:24]} 20. Qd1 {[%emt 0:03:57]} h6 {[%emt 0:05:25]} 21. Bf1 {[%emt 0:05:31]} a6 {[%emt 0:04:17]} 22. Nh4 {[%emt 0:01:57]} g5 {[%emt 0:01:47]} 23. Ng2 {[%emt 0:00:41]} b5 {[%emt 0:02:11]} 24. f3 {[%emt 0:02:03]} Nxc3 {[%emt 0:00:21]} 25. Rxc3 {[%emt 0:01:43]} Rxc3 {[%emt 0:00:14]} 26. bxc3 {[%emt 0:00:02]} Nb6 {[%emt 0:00:32]} 27. Rxe8 {[%emt 0:02:01]} Qxe8 {[%emt 0:00:01]} 28. Qe2 {[%emt 0:00:58]} Qxe2 {[%emt 0:03:41]} 29. Bxe2 {[%emt 0:00:02]} Na4 {[%emt 0:00:12]} 30. Ne3 {[%emt 0:00:26]} Nxc3 {[%emt 0:00:29]} 31. Nxf5+ {[%emt 0:00:32]} Kf6 {[%emt 0:01:08]} 32. Bd3 {[%emt 0:00:09]} h5 {[%emt 0:01:00]} 33. Kg2 {[%emt 0:02:10]} Bc8 {[%emt 0:00:23]} 34. Ne3 {[%emt 0:00:32]} a5 {[%emt 0:00:40]} 35. Kf2 {[%emt 0:01:04]} b4 {[%emt 0:00:37]} 36. axb4 axb4 37. Bc2 {[%emt 0:00:27]} Be6 {[%emt 0:00:24]} 38. Nd1 {[%emt 0:00:19]} Bf5 {[%emt 0:05:29]} 39. Bb3 {[%emt 0:00:29]} Nxd1+ {[%emt 0:00:05]} 40. Bxd1 {[%emt 0:00:01]} Bd3 {[%emt 0:30:28]} 41. Ke3 {[%emt 0:01:07]} Bc4 {[%emt 0:00:00]} 42. Kd2 $11 {[%emt 0:05:30]} h4 {[%emt 0:00:00]} 43. Kc2 {[%emt 0:02:11] Ke5} 1/2-1/2

[Event "NOR-ch Clubs 2017"]
[Site "Kristiansund"]
[Date "2017.10.21"]
[Round "4"]
[White "Vestjord, Harald Christian"]
[Black "Sjoberg, Isak"]
[Result "0-1"]
[WhiteElo "1693"]
[BlackElo "2067"]
[Annotator "NA"]
[PlyCount "46"]
[EventDate "2017.??.??"]
[EventType "team-tourn"]
[EventCountry "NOR"]
[SourceTitle "playchess.com"]
[Source "ChessBase"]
[SourceQuality "1"]
[TimeControl "40/5400:1800"]

1. d4 {[%emt 0:01:10]} Nf6 {[%emt 0:01:30]} 2. c4 {[%emt 0:00:06]} c5 {[%emt 0:00:44]} 3. d5 {[%emt 0:00:09]} e6 {[%emt 0:00:03]} 4. Nc3 {[%emt 0:00:30]} exd5 {[%emt 0:00:05]} 5. cxd5 {[%emt 0:00:13]} d6 {[%emt 0:00:08]} 6. e4 {[%emt 0:01:14]} g6 {[%emt 0:00:17]} 7. Nf3 {[%emt 0:02:03]} Bg7 {[%emt 0:00:07]} 8. Bd3 {[%emt 0:04:46]} O-O {[%emt 0:00:10]} 9. O-O {[%emt 0:00:06]} a6 {[%emt 0:01:06]} 10. a4 {[%emt 0:00:53]} Bg4 {[%emt 0:00:06]} 11. h3 {[%emt 0:05:43]} Bxf3 {[%emt 0:00:14]} 12. Qxf3 {[%emt 0:00:03]} Nbd7 {[%emt 0:00:06]} 13. a5 {[%emt 0:05:05]} Re8 {[%emt 0:24:41]} 14. Re1 {[%emt 0:09:53]} Nh5 {[%emt 0:01:25]} 15. g4 {[%emt 0:04:48]} Ne5 {[%emt 0:00:21]} 16. Qe2 {[%emt 0:03:13]} Qh4 {[%emt 0:00:27]} 17. Kg2 {[%emt 0:09:33]} f5 {[%emt 0:03:07]} 18. gxh5 {[%emt 0:01:42]} f4 {[%emt 0:00:06]} 19. Bxf4 {[%emt 0:04:25]} Qxf4 {[%emt 0:00:08]} 20. Qe3 {[%emt 0:01:48]} Nxd3 {[%emt 0:18:38]} 21. Qxd3 {[%emt 0:00:09]} Re5 {[%emt 0:01:01]} 22. Re3 {[%emt 0:01:28]} Rf8 {[%emt 0:01:03]} 23. Rf3 {[%emt 0:01:14]} Rg5+ {[%emt 0:00:15]} 0-1

[Event "NOR-ch Clubs 2017"]
[Site "Kristiansund"]
[Date "2017.10.22"]
[Round "5"]
[White "Romanov, Evgeny"]
[Black "Urkedal, Frode"]
[Result "0-1"]
[WhiteElo "2626"]
[BlackElo "2570"]
[Annotator "TA"]
[PlyCount "78"]
[EventDate "2017.??.??"]
[EventType "team-tourn"]
[EventCountry "NOR"]
[SourceTitle "playchess.com"]
[Source "ChessBase"]
[SourceQuality "1"]

{[%evp 12,78,-4,-16,-11,-18,-12,-12,-12,-10,-10,-16,7,0,12,-4,-9,-10,-9,0,0,-2,0,-14,-14,-23,63,-25,-20,-21,-30,-30,-30,-30,-35,-85,-84,-139,-139,-141,-152,-141,-139,-235,-241,-252,-257,-247,-240,-254,-243,-243,-243,-227,-154,-371,-357,-318,-199,-423,-423,-423,-423,-401,-400,-400,-392,-391,-388]} 1. Nf3 Nf6 2. d3 g6 3. e4 Bg7 4. Be2 c5 5. c3 O-O 6. O-O Nc6 7. Nbd2 {LiveBook: 14 Games. B22: Sicilian: 2 c3} e5 8. Nc4 d6 9. Bg5 {The position is equal.} (9. a4 h6 {0-1 (26) Savchenko,B (2569)-Morozevich,A (2721) Moscow 2006}) 9... h6 10. Bh4 Be6 11. Ne3 Qb6 $146 ({Predecessor:} 11... Rb8 12. Nd5 Bxd5 13. exd5 Ne7 14. Bxf6 Bxf6 15. Qd2 {0-1 (49) Kirsch,F (2245)-Koscielski,J (2200) Germany 1996}) 12. Qc2 Nh5 13. Nd2 $36 {[%mdl 2048] Black must now prevent Bxh5. Black is under pressure.} Nf4 14. Bf3 Qc7 15. Bg3 b5 16. Rfe1 Rab8 17. h3 Ne7 18. a4 c4 (18... b4 $11) 19. dxc4 (19. axb5 $1 $14 cxd3 20. Qa4) 19... bxc4 $11 20. Bxf4 exf4 21. Nd5 Nxd5 22. exd5 Bf5 23. Qc1 Bd3 24. a5 (24. Be2 $142) 24... Rb5 $17 25. a6 Rfb8 {[%cal Bf8b8,Bb8b2,Bb2a2][%mdl 32]} 26. Ra2 Qb6 27. Re7 (27. Be2 $17 Rxd5 28. Bxd3 cxd3 29. Re7) 27... Bf6 $19 ({Resist} 27... Rxb2 28. Rxb2 Qxb2 29. Qxb2) 28. Rd7 Rxb2 29. Rxb2 Qxb2 30. Qxb2 Rxb2 31. Ne4 Bxe4 32. Bxe4 Bxc3 33. Rxa7 $2 {[%mdl 4096] Endgame KRB-KRB} (33. Rxd6 $17 Bd4 34. Rc6) 33... Bd4 34. Rc7 Ra2 ({Not} 34... Rxf2 35. Rxc4 Be3 36. Kh2 $17) ({Weaker is} 34... Bxf2+ 35. Kf1 $17) 35. Rxc4 $2 {[#]} (35. Kf1 {was forced.}) 35... Ra1+ $1 36. Kh2 Bxf2 {[%csl Gf4][%cal Rf2g3]} 37. g4 fxg3+ {Black is winning.} 38. Kg2 Rxa6 39. Rc6 Ra2 {Precision: White = 43%, Black = 78%.} 0-1

[Event "NOR-ch Clubs 2017"]
[Site "Kristiansund"]
[Date "2017.10.22"]
[Round "5"]
[White "Elsness, Frode"]
[Black "Tari, Aryan"]
[Result "1-0"]
[WhiteElo "2464"]
[BlackElo "2578"]
[Annotator "TA"]
[PlyCount "59"]
[EventDate "2017.??.??"]
[EventType "team-tourn"]
[EventCountry "NOR"]
[SourceTitle "playchess.com"]
[Source "ChessBase"]
[SourceQuality "1"]

{[%evp 14,59,22,28,56,31,20,31,33,0,0,0,0,0,68,0,67,64,119,126,143,150,160,157,164,158,188,158,174,158,277,271,383,381,634,620,602,629,613,602,586,573,647,599,858,835,1218,229]} 1. Nf3 d5 2. c4 d4 3. b4 g6 4. d3 Bg7 5. g3 a5 (5... e5 6. Nbd2 Ne7 7. Bg2 O-O 8. O-O h6 9. a4 a5 10. b5 c5 11. bxc6 Nexc6 12. Ba3 Nb4 13. Ne1 N8a6 14. Nc2 Re8 15. Bxb4 axb4 16. Nb3 {½-½ (70) Kramnik,V (2777)-Andreikin,D (2720) Baku 2015}) 6. b5 {A09: Réti Opening: 1 Nf3 d5 2 c4} b6 7. Bg2 Bb7 8. O-O {LiveBook: 3 Games. The position is equal.} e5 9. Nbd2 Ne7 10. Ba3 Nd7 11. Rc1 $146 ({Predecessor:} 11. Qc2 O-O {1-0 (46) Damljanovic,B (2585)-Romanov,E (2520) Dresden 2007}) 11... O-O 12. e3 dxe3 13. fxe3 Nc5 ({Black should play} 13... Nf5 $11 14. Qe2 (14. Bxf8 Nxe3 15. Qe2 Nxf1 $11) 14... Re8) 14. Ne4 (14. Bxc5 $1 $14 bxc5 15. Ne4) 14... Bxe4 (14... Nxd3 $11 15. Bxe7 Qxe7 16. Qxd3 f5) 15. dxe4 $14 Qxd1 ({Black should try} 15... Qc8 $14) 16. Rcxd1 $16 Rad8 17. Bh3 Bf6 18. Bxc5 $1 bxc5 19. a4 Bg7 20. Bd7 Bh6 21. Kf2 ({Inferior is} 21. Nxe5 Bxe3+ 22. Kg2 Bd4 $15) 21... f5 (21... Bg7 $16 {is a better defense.} 22. Rd2 Bf6) 22. Nxe5 $18 fxe4+ (22... Kg7 {was called for.} 23. Ke2 Kf6) 23. Ke2 {[#] And now Be6+ would win.} Kg7 $2 (23... Rxf1 24. Be6+ (24. Kxf1 Kg7 $16) 24... Kg7 25. Rxf1 Rf8) 24. Rxf8 {White is clearly winning.} Rxf8 25. Bh3 Bg5 26. Rd7 Kf6 27. Ng4+ Ke6 28. Nf2+ Ke5 29. Rxc7 Kd6 30. Rd7+ $2 {Precision: White = 66%, Black = 26%.} (30. b6 Rxf2+ 31. Kxf2) 1-0

[Event "NOR-ch Clubs 2017"]
[Site "Kristiansund"]
[Date "2017.10.22"]
[Round "5"]
[White "Christiansen, Johan-Sebastian"]
[Black "Hansen, Torbjorn Ringdal"]
[Result "0-1"]
[WhiteElo "2462"]
[BlackElo "2397"]
[Annotator "TA"]
[PlyCount "110"]
[EventDate "2017.??.??"]
[EventType "team-tourn"]
[EventCountry "NOR"]
[SourceTitle "playchess.com"]
[Source "ChessBase"]
[SourceQuality "1"]

{[%evp 19,110,8,12,6,50,51,36,39,69,23,17,15,15,20,10,26,56,59,104,66,154,157,172,128,131,128,150,21,25,28,27,9,14,2,2,0,7,0,19,15,19,14,13,12,14,0,0,0,20,0,0,-23,0,0,0,0,38,-80,0,0,0,0,8,8,8,8,8,8,8,8,8,8,14,14,14,-54,-54,-220,-207,-523,-527,-488,-510,-29990,-29991,-29991,-29992,-29992,-29993,-29993,-29993,-29994,-29994]} 1. Nf3 Nf6 2. c4 g6 3. g3 Bg7 4. Bg2 O-O 5. d4 c5 6. Nc3 Nc6 7. O-O d6 8. dxc5 dxc5 9. Be3 Be6 10. Qa4 Nd7 {LiveBook: 8 Partien} 11. Rad1 {E65: Königsindisch (Jugoslawische Variante)} (11. Rfd1 Qc8 12. Nd5 Re8 13. Qa3 Nb6 14. Rac1 Ne5 15. b3 Nxf3+ 16. Bxf3 Nd7 17. Bg2 Be5 18. Rc2 Bxd5 19. Rxd5 {1-0 (53) Nepomniachtchi,I (2714)-Harikrishna,P (2727) Beijing 2014}) 11... Qc8 (11... Bxc3 $5 12. bxc3 Qc8 $11) 12. Nd5 $1 {Droht stark Dxc6!} Re8 13. Qa3 $146 {Weiß steht etwas besser.} ({Vorgänger:} 13. Rd2 Nb6 14. Qb5 Nd4 15. Bxd4 cxd4 16. Nxd4 Qxc4 17. Nxb6 axb6 18. Qxb6 Rad8 {½-½ (30) Mikhalchishin,A (2505)-Velimirovic,D (2500) Sarajevo 1985}) 13... Nb6 14. b3 Bxd5 $1 15. cxd5 Nb4 16. Rc1 N4xd5 17. Bxc5 Qe6 18. Rfe1 Rac8 19. Nd4 ({Nicht} 19. Qxa7 Ra8 $17) 19... Qe5 (19... Qd7 $1 $14) 20. e4 $16 {[%cal Be2e4,Be4e5][%mdl 32]} Nf6 21. Nf3 ({Nur nicht} 21. Qxa7 $2 Rxc5 22. Qxb6 Rxc1 $19) 21... Qb8 22. e5 $1 {[%cal Re5f6]} Nfd5 {[#]} 23. Bh3 (23. e6 $1 $16) 23... e6 $11 24. Bd6 Bf8 25. Rxc8 Rxc8 26. Ng5 {Droht Sxe6.} Rc6 {[%cal Rf8d6]} 27. Bxf8 Qxf8 28. Qxa7 Qb4 29. Rd1 h6 $1 {[%cal Rh6g5]} 30. Nf3 ({Lieber nicht} 30. Qxb7 Rc7 $17) 30... Qe4 31. Bg2 Qc2 32. Re1 Rc7 33. Qa5 Rc5 34. Qa7 Rc7 35. Bf1 Qc3 36. Kg2 Kg7 37. Qa3 Rc5 38. Qa7 (38. Re2 $1 $14 {behält die Oberhand.}) 38... Rc7 (38... Ra5 $17 39. Qxb7 Rxa2) 39. h4 Qb4 40. Bd3 Rc3 41. Re4 Qc5 $1 $132 {[%mdl 2048] Schwarz is fighting back} 42. Rd4 Nb4 43. Rc4 Rxc4 44. Bxc4 Qc6 45. Be2 N6d5 46. a3 Nc2 $1 {...Sc3 ist eine echte Drohung.} 47. Bd1 (47. Qa4 $1 $11) 47... b6 $1 $15 {[%mdl 1024] Schwarz hat Kompensation.} 48. Kg1 $2 {[#]} ({Besser ist} 48. Qa6 $15) 48... Nce3 $1 $19 {[%mdl 512]} 49. Be2 $2 (49. Nd4 Qc1 50. Nxe6+ Kg8 51. Qa8+ Kh7 52. Nf8+ Kg7 53. Ne6+ Kh7 54. Nf8+ Kg7 55. Ne6+ Kh7) (49. fxe3 Qc1) 49... Qc1+ 50. Kh2 {Weiss will Sd4 spielen.} Ng4+ 51. Kh3 (51. Kg2 $19 Qc5 52. Nd4 Qxd4 53. Bxg4 Qxg4 54. Qa4) 51... Qh1+ {Schwarz setzt Matt.} 52. Kxg4 h5+ 53. Kg5 Qc1+ 54. Nd2 Qxd2+ 55. f4 Qxe2 {Precision: Weiß = 50%, Schwarz = 52%.} 0-1

[Event "NOR-ch Clubs 2017"]
[Site "Kristiansund"]
[Date "2017.10.22"]
[Round "5"]
[White "Risting, Eivind Olav"]
[Black "Holm, Kristian Stuvik"]
[Result "1-0"]
[WhiteElo "2335"]
[BlackElo "2433"]
[Annotator "TA"]
[PlyCount "89"]
[EventDate "2017.??.??"]
[EventType "team-tourn"]
[EventCountry "NOR"]
[SourceTitle "playchess.com"]
[Source "ChessBase"]
[SourceQuality "1"]

{[%evp 11,89,0,6,-14,-8,-17,-19,-18,-27,-45,-45,-40,-38,-43,-35,-33,-17,-25,-30,-27,-18,-20,-20,-22,-7,-45,-41,-49,-34,-41,-18,-39,-31,-32,0,0,-6,-8,-4,-25,-23,-72,-72,-79,0,0,0,2,116,101,110,133,220,211,222,103,359,350,401,396,830,790,652,234,496,511,488,504,480,484,29974,29977,29977,29977,29975,12716,29980,29982,29982,29983]} 1. e4 e5 2. Nf3 Nc6 3. Nc3 Nf6 4. Bb5 Bc5 5. O-O O-O 6. Bxc6 dxc6 7. Nxe5 {C48: Four Knights: 4 Bb5, replies other than 4...Bb4} (7. h3 Re8 8. d3 Nd7 9. Ne2 Nf8 10. Ng3 Bd6 11. b3 Ng6 12. a4 c5 13. Nd2 Be6 14. Nc4 Bf8 {½-½ (43) Esserman,M (2467)-Kozak,A (2361) Budapest 2017}) 7... Re8 8. Nf3 Nxe4 9. Nxe4 {The position is equal.} Rxe4 10. d3 Re8 11. d4 $146 ({Predecessor:} 11. Be3 Bxe3 12. fxe3 Rxe3 13. Qd2 Re8 14. Rae1 Be6 {0-1 (57) Baptista,G (1800)-Alvarez,R (1940) ICCF email 2008}) 11... Bf8 12. h3 Be6 13. Bf4 Bd5 14. Ne5 f6 15. Nd3 Bc4 16. b3 Bf7 17. c3 a5 18. Nb2 Qd7 19. Qf3 b6 20. Rfe1 Rac8 21. Qg3 Rxe1+ 22. Rxe1 c5 23. dxc5 Bxc5 24. Rd1 Qc6 25. Nd3 Bf8 26. Ne1 {[%cal Bd3e1,Be1c2,Bc2d4,Bd4b5,Bb5c7,Bc7d5,Bd5f6][%mdl 32]} a4 27. c4 a3 ({Black should try} 27... b5 $1 $17 {[%cal Rb5c4]} 28. cxb5 Qxb5) 28. Nc2 $11 Bh5 29. Rd2 b5 (29... Kh8 $11) 30. Nd4 $1 $16 {[%cal Rd4c6]} Qe4 {And now ...bxc4 would win.} 31. Nxb5 g5 (31... Be8 $16 32. Kh2 Bxb5) 32. Be3 $18 Bb4 {[#]} 33. Rd7 (33. Rd4 $1 $18 {[%cal Rd4e4] and the rest is easy.} Qc2 34. Nxc7) 33... Bf8 $2 {[%mdl 8192]} (33... c6 $16) 34. Nxc7 {Threatens to win with Nd5.} Qb1+ 35. Kh2 Qxa2 $2 (35... Bf7 36. Bd4 Qe4) 36. Nd5 Qb2 {[#]} 37. Ra7 $2 $40 {[%mdl 128] Black is in trouble.} (37. Bc1 $1 {[%mdl 512]} Qa1 (37... Qxc1 38. Nxf6+) 38. Bd2) 37... a2 $2 {[#]} (37... Kh8 {is a better defense.}) 38. Rxa2 $1 {[%mdl 512]} Qxa2 39. Nxf6+ Kf7 40. Nxh5 {Qf3+ is the strong threat.} Qxb3 (40... Qa5 $18 41. Qf3+ Ke6 42. Qf6+ Kd7) 41. Qf3+ Ke8 42. Nf6+ Kf7 43. Nd7+ (43. Ng4+ $142 Kg8 44. Qd5+ Kh8 45. Bd4+ Bg7 46. Bxg7+ Kxg7 47. Qd7+ Kf8 48. Ne5 Qxc4 49. Nxc4 Rxc4 50. Qd8+ Kf7 51. Qd5+ Kg6 52. Qxc4) 43... Kg8 44. Qd5+ Kh8 45. Nxf8 {Precision: White = 61%, Black = 38%.} 1-0

[Event "NOR-ch Clubs 2017"]
[Site "Kristiansund"]
[Date "2017.10.22"]
[Round "5"]
[White "Elseth, Roar"]
[Black "Bentsen, Hakon"]
[Result "1-0"]
[WhiteElo "2322"]
[BlackElo "2071"]
[Annotator "NA"]
[PlyCount "91"]
[EventDate "2017.??.??"]
[EventType "team-tourn"]
[EventCountry "NOR"]
[SourceTitle "playchess.com"]
[Source "ChessBase"]
[SourceQuality "1"]
[TimeControl "40/5400:1800"]

1. Nf3 {[%emt 0:00:19]} Nf6 {[%emt 0:00:18]} 2. c4 {[%emt 0:00:20]} e6 {[%emt 0:00:26]} 3. g3 {[%emt 0:02:58]} d5 {[%emt 0:00:34]} 4. d4 {[%emt 0:01:38]} Be7 {[%emt 0:00:23]} 5. Bg2 {[%emt 0:00:49]} O-O {[%emt 0:00:20]} 6. O-O {[%emt 0:00:58]} dxc4 {[%emt 0:00:18]} 7. Qa4 {[%emt 0:01:49]} a6 {[%emt 0:02:17]} 8. Qxc4 {[%emt 0:00:08]} b5 {[%emt 0:00:09]} 9. Qc2 {[%emt 0:00:40]} Bb7 {[%emt 0:00:08]} 10. Bf4 {[%emt 0:05:38] LiveBook: 502 Games} Nc6 {[%emt 0:10:51]} 11. a3 {[%emt 0:17:39] E05: Open Catalan: 5 Nf3 Be7} (11. Nc3 Nb4 12. Qc1 Qc8 13. a3 Nbd5 14. Nxd5 Nxd5 15. Bg5 f6 16. Bd2 c5 17. Ba5 f5 18. dxc5 Qxc5 19. Qxc5 Bxc5 20. Ng5 {1-0 (50) Short,N (2670)-Hou,Y (2649) Hoogeveen 2016}) 11... Nxd4 {[%emt 0:11:05]} 12. Nxd4 {[%emt 0:00:06]} Bxg2 {[%emt 0:00:03]} 13. Nxe6 {[%emt 0:01:37]} fxe6 {[%emt 0:00:09]} 14. Kxg2 {[%emt 0:00:07]} Nd5 $146 {[%emt 0:00:07]} ({Predecessor:} 14... Qd5+ 15. f3 c5 16. Nc3 Qc6 17. e4 Rac8 18. Rfd1 c4 {1-0 (35) Kauch,M (2241)-Fuhrmann,D (2286) Germany 2004}) 15. Bd2 {[%emt 0:02:42]} c5 {[%emt 0:04:40]} 16. Nc3 {[%emt 0:09:58]} Nxc3 {[%emt 0:02:54]} 17. Bxc3 {[%emt 0:00:59]} Bf6 {[%emt 0:07:56]} 18. Rad1 {[%emt 0:02:35]} Qc7 {[%emt 0:03:10]} 19. Qe4 {[%emt 0:01:47]} Rae8 {[%emt 0:00:29]} 20. Bxf6 {[%emt 0:02:36]} Rxf6 {[%emt 0:00:16]} 21. Rd2 {[%emt 0:01:23]} c4 {[%emt 0:03:59]} 22. f3 {[%emt 0:02:55]} Rd8 {[%emt 0:10:20] [#]} (22... e5 $142) 23. Rfd1 $1 {[%emt 0:00:16]} Rxd2 {[%emt 0:00:06]} 24. Rxd2 {[%emt 0:00:04]} a5 {[%emt 0:01:16]} 25. Qa8+ {[%emt 0:00:43]} Rf8 {[%emt 0:02:37]} 26. Qa6 {[%emt 0:00:58]} Qe5 {[%emt 0:00:38]} 27. Qxa5 {[%emt 0:01:20]} Qe3 {[%emt 0:00:11]} 28. Qc3 {[%emt 0:01:56]} Qxc3 {[%emt 0:00:10]} 29. bxc3 {[%emt 0:00:06]} Ra8 {[%emt 0:00:19]} 30. Ra2 {[%emt 0:00:09]} Kf7 {[%emt 0:00:21]} 31. Kf2 {[%emt 0:00:06]} e5 {[%emt 0:00:28]} 32. Ke3 {[%emt 0:00:24]} Ke6 {[%emt 0:00:08]} 33. Ke4 {[%emt 0:00:27]} g5 {[%emt 0:00:36]} 34. e3 {[%emt 0:07:03]} Ra7 {[%emt 0:01:18]} 35. h4 {[%emt 0:05:54]} gxh4 {[%emt 0:01:23]} 36. gxh4 {[%emt 0:00:08]} Ra8 {[%emt 0:00:20]} 37. h5 {[%emt 0:00:48]} h6 {[%emt 0:04:15]} 38. f4 {[%emt 0:02:25]} exf4 {[%emt 0:00:08]} 39. exf4 $14 {[%emt 0:00:18]} Kd6 {[%emt 0:04:08]} 40. Rg2 {[%emt 0:03:24]} Kc5 {[%emt 0:31:09]} 41. f5 {[%emt 0:33:05]} Rxa3 {[%emt 0:04:00]} 42. f6 {[%emt 0:00:00]} Kd6 {[%emt 0:00:00]} 43. Rf2 {[%emt 0:00:00]} Ra8 {[%emt 0:00:00]} 44. Kf5 {[%emt 0:00:00]} b4 {[%emt 0:00:00]} 45. cxb4 {[%emt 0:00:00]} c3 {[%emt 0:00:00]} 46. Re2 {[%emt 0:00:00]} 1-0